[Event "Poles apart- rating  under 1900 (30 days +1)"]
[Site "SchemingMind.com"]
[Date "2008.10.31"]
[Round "-"]
[White "vinz"]
[Black "echecs"]
[Result "1-0"]
[WhiteCountry "FRA"]
[BlackCountry "ENG"]
[WhiteElo "1680"]
[WhiteRD "82"]
[BlackElo "1815"]
[BlackRD "59"]
[GameID "176954"]

1. d4 b5 2. e4 Bb7 3. Bd3 Nf6 4. Qe2 Nc6 5. Nf3 a6 6. O-O d6 7. e5 Nd5 8. e6 Nf4 9. Bxf4 f6 10. Nh4 Qc8
11. d5 Nb4 12. Qh5+ Kd8 13. Ng6 Bxd5 14. Nxh8 Qxe6 15. Bf5 Qg8 16. Qxh7 Qxh7 17. Bxh7 g5 18. Bd2 Bg7 19. Bxb4 Bxh8 20. Bd2 c5
21. Nc3 Bf7 22. Bf5 d5 23. f4 e6 24. Bh3 gxf4 25. Bxf4 f5 26. Rae1 Kd7 27. Be5 Bxe5 28. Rxe5 Kd6 29. Ree1 Bg8 30. Rf3 Ra7
31. Rg3 Bh7 32. Rg5 d4 33. Nd1 c4 34. Nf2 Rf7 35. Rh5 Bg6 36. Rh6 Rg7 37. g4 fxg4 38. Bxg4 Bf5 39. h3 a5 40. Kh2 Bxg4
41. Nxg4 Re7 42. Rd1 Kd5 43. Rh5+ e5 44. Kg2 b4 45. Kf2 a4 46. c3 bxc3 47. bxc3 d3 48. Ke3 a3 49. Rg5 Kd6 50. Ke4 Rh7
51. Rg6+ Ke7 52. Nh6 Kd7 53. Ra6 Kc8 54. h4 Kb7 55. Re6 Rh8 56. Kxe5 Kc7 57. Kd5 Kd7 58. h5 Ra8 59. Re5 Ra4 60. Kd4 Ra6
61. Ng4 Rb6 62. Ra5
1-0

[Event "Poles apart- rating  under 1900 (30 days +1)"]
[Site "SchemingMind.com"]
[Date "2008.10.31"]
[Round "-"]
[White "echecs"]
[Black "vinz"]
[Result "1-0"]
[WhiteCountry "ENG"]
[BlackCountry "FRA"]
[WhiteElo "1815"]
[WhiteRD "59"]
[BlackElo "1680"]
[BlackRD "82"]
[GameID "176955"]

1. d4 b5 2. e4 Bb7 3. Bxb5 Bxe4 4. Nf3 Nf6 5. O-O c6 6. Bd3 d5 7. Nc3 e6 8. Bg5 Be7 9. Bxf6 Bxf6 10. Nxe4 dxe4
11. Bxe4 O-O 12. c3 Qb6 13. Qc2 g6 14. a4 Nd7 15. a5 Qc7 16. b4 Rfe8 17. b5 Rac8 18. Bxc6 Re7 19. Rfc1 e5 20. d5 e4
21. Nd2 e3 22. fxe3 Rxe3 23. Nb1 Rce8 24. Rf1 Re1 25. Nd2 Rxa1 26. Rxa1 Re2 27. Qd3 Re5 28. Nb3 Rh5 29. h3 Be7 30. a6 Qb6+
31. Kh1 Ne5 32. Qe4 Bd6 33. c4 Nxc4 34. Qxc4 Qf2 35. Qd3 Bg3 36. Bd7 f5 37. Be6+ Kf8 38. Qxg3 Qxg3 39. Na5 Rxh3+ 40. gxh3 f4
41. Bg4 h5 42. Rg1 Qd3 43. Be6 f3 44. Nc6 Qxb5 45. h4 Qxa6 46. Rxg6
1-0

[Event "Poles apart- rating  under 1900 (30 days +1)"]
[Site "SchemingMind.com"]
[Date "2008.11.02"]
[Round "-"]
[White "jtrochez1"]
[Black "echecs"]
[Result "0-1"]
[WhiteCountry "HON"]
[BlackCountry "ENG"]
[WhiteElo "1532"]
[WhiteRD "50"]
[BlackElo "1803"]
[BlackRD "60"]
[GameID "177254"]

1. d4 b5 2. e4 Bb7 3. Bd3 a6 4. Be3 Nf6 5. Nd2 e6 6. Ngf3 Bb4 7. c3 Be7 8. O-O O-O 9. Ne5 d6 10. Nef3 c5
11. Bc2 c4 12. Qb1 g6 13. Rd1 Nbd7 14. e5 dxe5 15. dxe5 Nd5 16. Bd4 Bc5 17. Bxc5 Nxc5 18. Ne4 Nd7 19. Nd6 Nxe5 20. Nxb7 Nxf3+
21. gxf3 Qb6 22. Be4 Qxb7 23. Qc2 Rad8 24. Bxd5 Rxd5 25. Qe4 Rfd8 26. Rd4 Qb6 27. Rad1 Rxd4 28. Rxd4 Rxd4 29. cxd4 a5 30. Qa8+ Kg7
31. Qe4 Qd6 32. Qe5+ Qxe5 33. dxe5 f6 34. f4 g5 35. exf6+ Kxf6 36. fxg5+ Kxg5 37. f3 Kf4 38. Kf2 b4 39. Ke2 e5 40. Kf2 h5
41. h4 c3
0-1

[Event "Poles apart- rating  under 1900 (30 days +1)"]
[Site "SchemingMind.com"]
[Date "2008.11.02"]
[Round "-"]
[White "jtrochez1"]
[Black "vinz"]
[Result "0-1"]
[WhiteCountry "HON"]
[BlackCountry "FRA"]
[WhiteElo "1532"]
[WhiteRD "50"]
[BlackElo "1642"]
[BlackRD "82"]
[GameID "177255"]

1. d4 b5 2. e4 Bb7 3. Bd3 Nc6 4. Nf3 a6 5. c3 e6 6. O-O Nf6 7. e5 Nd5 8. Bd2 d6 9. Re1 dxe5 10. dxe5 Bc5
11. Qe2 Qe7 12. Kh1 f6 13. exf6 Nxf6 14. Be3 Bd6 15. Bg5 O-O-O 16. Nbd2 h6 17. Bxf6 Qxf6 18. Ne4 Qe7 19. a4 Rhf8 20. axb5 axb5
21. Bxb5 Nb8 22. Nxd6+ Rxd6 23. Bd3 Rf6 24. Be4 Nc6 25. b4 Rf4 26. b5 Rxe4 27. Qa2 Rxe1+ 28. Rxe1 Nb8 29. Ne5 Qg5 30. f3 Qxe5
31. Qa1 Qxb5 32. c4 Qa6 33. Qxg7 Qxc4 34. Qxh6 Nc6 35. h3 Nd4 36. Qh8+ Rd8 37. Qf6 Qd5 38. Rd1 e5 39. Kh2 e4 40. fxe4 Qxe4
41. Qf1 Ne6 42. Re1 Qd5
0-1

[Event "Poles apart- rating  under 1900 (30 days +1)"]
[Site "SchemingMind.com"]
[Date "2008.11.02"]
[Round "-"]
[White "echecs"]
[Black "jtrochez1"]
[Result "1-0"]
[WhiteCountry "ENG"]
[BlackCountry "HON"]
[WhiteElo "1815"]
[WhiteRD "59"]
[BlackElo "1559"]
[BlackRD "50"]
[GameID "177256"]

1. d4 b5 2. e4 a6 3. Nf3 d6 4. c4 c6 5. e5 dxe5 6. Nxe5 Nf6 7. Bg5 e6 8. Nc3 Be7 9. Be2 Bb7 10. O-O O-O
11. c5 Nd5 12. Bxe7 Qxe7 13. Bf3 Nd7 14. Nxd7 Qxd7 15. Ne4 Ne7 16. b4 Rad8 17. Nd6 Qc7 18. a4 Nc8 19. Nxb7 Qxb7 20. axb5 axb5
21. Ra3 Ne7 22. Qa1 Ra8 23. Rd1 Rxa3 24. Qxa3 Ra8 25. Qd3 Nd5 26. Qb1 g6 27. Rd2 Nc3 28. Qe1 Ra2 29. g3 Qa7 30. Rxa2 Nxa2
31. Bxc6 Qa4 32. Qa1 Qc2 33. Bxb5 Nxb4 34. Qe1 Nd5 35. Bd7 Nc7 36. Qe5 Nb5 37. Qb8+ Kg7 38. Qxb5 Qd1+ 39. Qf1 Qxd4 40. c6 Kf8
41. h4 h5 42. Qc1 Kg7 43. Bxe6
1-0

[Event "Poles apart- rating  under 1900 (30 days +1)"]
[Site "SchemingMind.com"]
[Date "2008.11.03"]
[Round "-"]
[White "vinz"]
[Black "jtrochez1"]
[Result "1-0"]
[WhiteCountry "FRA"]
[BlackCountry "HON"]
[WhiteElo "1642"]
[WhiteRD "82"]
[BlackElo "1532"]
[BlackRD "50"]
[GameID "177257"]

1. d4 b5 2. e4 c6 3. c4 a6 4. Nf3 h6 5. Nc3 d6 6. Be2 e6 7. O-O Bb7 8. Bf4 Be7 9. e5 d5 10. cxd5 cxd5
11. Rc1 Qb6 12. Bd3 g5 13. Bd2 g4 14. Ne1 h5 15. Ne2 Nc6 16. Be3 Nb4 17. Bb1 f5 18. exf6 Nxf6 19. a3 Nc6 20. Nf4 Kd7
21. Ned3 Ne4 22. Ne5+ Ke8 23. Neg6 Rh7 24. Bxe4 Qd8 25. Nxe6 Qd7 26. Bxd5 Qxd5 27. Nc7+
1-0

[Event "Poles apart- rating  under 1900 (30 days +1)"]
[Site "SchemingMind.com"]
[Date "2008.11.04"]
[Round "-"]
[White "Kobiahshi"]
[Black "jtrochez1"]
[Result "1-0"]
[WhiteCountry "USA"]
[BlackCountry "HON"]
[WhiteElo "1579"]
[WhiteRD "76"]
[BlackElo "1559"]
[BlackRD "50"]
[GameID "177545"]

1. d4 b5 2. Nd2 Nf6 3. e3 c6 4. Ngf3 d5 5. b3 e6 6. c4 Nbd7 7. cxd5 cxd5 8. Bxb5 a6 9. Bc6 Rb8 10. Ne5 Be7
11. Nxd7 Bxd7 12. Bxd7+ Qxd7 13. O-O O-O 14. Bb2 Rfc8 15. a3 h6 16. b4 a5 17. Rc1 axb4 18. axb4 Bxb4 19. Rxc8+ Rxc8 20. Nf3 Bd6
21. Bc1 Ne4 22. Ne5 Qc7 23. Qh5 Nf6 24. Qd1 Bxe5 25. dxe5 Qxe5 26. Ba3 Ne4 27. Qe2 Ra8 28. Bb2 Qd6 29. Qg4 g6 30. Qh4 Kh7
31. f3 Ng5 32. Bf6 e5 33. Bxg5 Qf8 34. Rd1 Ra6 35. Bxh6 Qxh6 36. Qxh6+ Kxh6 37. Rxd5 f6 38. Rd1 Ra2 39. h3 g5 40. Kh2 Ra4
41. Kg3 e4 42. Rd4 Rxd4 43. exd4 e3 44. d5 Kg6 45. f4 Kf7 46. fxg5 fxg5 47. Kf3 Kf6 48. Kxe3 Ke5 49. Kf3 Kxd5 50. Kg4
1-0

[Event "Poles apart- rating  under 1900 (30 days +1)"]
[Site "SchemingMind.com"]
[Date "2008.11.07"]
[Round "-"]
[White "Kobiahshi"]
[Black "echecs"]
[Result "0-1"]
[WhiteCountry "USA"]
[BlackCountry "ENG"]
[WhiteElo "1661"]
[WhiteRD "72"]
[BlackElo "1853"]
[BlackRD "58"]
[GameID "177546"]

1. d4 b5 2. Nd2 Bb7 3. Ngf3 Nf6 4. e3 a6 5. c4 bxc4 6. Bxc4 e6 7. O-O Be7 8. b3 O-O 9. a3 d5 10. Bd3 Nbd7
11. Bb2 Nh5 12. Nh4 g6 13. Nhf3 c5 14. dxc5 Nxc5 15. Bc2 Bf6 16. Bxf6 Nxf6 17. Qb1 Qd6 18. b4 Ncd7 19. Re1 Ne5 20. Nxe5 Qxe5
21. e4 Ng4 22. Nf3 Qh5 23. h3 Nf6 24. e5 Nd7 25. Bd1 Qh6 26. Bb3 Qf4 27. Qc1 Qxc1 28. Raxc1 Rfc8 29. Bc2= Nb6 30. Bb3 Rc6
31. Rxc6 Bxc6 32. Rc1 Bb5 33. Nd4 Bc4 34. Bd1 Nd7 35. Nf3 Nb6 36. Nd2 Bb5 37. Bb3 Kg7 38. Nf3 Ra7 39. Nd4 Bc4 40. Bd1 Nd7
41. Nf3 a5 42. bxa5 Rxa5 43. a4 Nc5 44. Nd2 Nxa4 45. Nxc4 dxc4 46. Bxa4 Rxa4 47. Kh2 g5 48. g3 Kg6 49. g4 h5 50. gxh5+ Kxh5
51. Kg3 Ra3+ 52. f3 c3 53. Kf2 Ra2+ 54. Kg3 c2 55. Rh1 Ra4 56. Rc1 Rc4 57. Kg2 Kh4 58. Kh2 Rc5 59. Kg2 Rc3 60. Kh2= Rxf3
61. Rxc2 Rxh3+ 62. Kg2 g4 63. Rc8 Rf3 64. Rh8+ Kg5 65. Rg8+ Kf5 66. Rg7 Kxe5 67. Rxg4 Rf4 68. Rg5+ f5 69. Rg3 Rg4
0-1

[Event "Poles apart- rating  under 1900 (30 days +1)"]
[Site "SchemingMind.com"]
[Date "2008.11.04"]
[Round "-"]
[White "Kobiahshi"]
[Black "vinz"]
[Result "0-1"]
[WhiteCountry "USA"]
[BlackCountry "FRA"]
[WhiteElo "1579"]
[WhiteRD "76"]
[BlackElo "1680"]
[BlackRD "82"]
[GameID "177547"]

1. d4 b5 2. Nd2 e6 3. e3 a6 4. Ngf3 Nf6 5. c3 c5 6. b3 Bb7 7. g3 d6 8. Bg2 Nbd7 9. O-O Be7 10. Qe2 O-O
11. a3 e5 12. Ne1 Bxg2 13. Nxg2 Re8 14. Bb2 d5 15. c4 dxc4 16. bxc4 bxc4 17. Nxc4 exd4 18. exd4 cxd4 19. Bxd4 Bc5 20. Bxf6 Nxf6
21. Qf3 Qd4 22. Nce3 Ne4 23. Rad1 Qe5 24. Rd7 Nf6 25. Ng4 Qe6 26. Nxf6+ gxf6 27. Rd5 Bxa3 28. Ne3 a5 29. Qh5 Bb4 30. Rd4 Qe5
31. Rg4+ Kh8 32. Nf5 Rg8 33. Rxg8+ Rxg8 34. Rd1 Bc3 35. Rd3 Qe1+ 36. Kg2 Qe4+ 37. Rf3 a4 38. Nd6 Qc6 39. Kf1 Bb2 40. Nxf7+ Kg7
41. Nh6 Qe8 42. Nf5+ Kh8 43. Qh4 Rg6 44. g4 a3 45. Rh3 Qd7 46. Rxa3 Bxa3 47. Qg3 Qd1+ 48. Kg2 Rxg4
0-1

[Event "Poles apart- rating  under 1900 (30 days +1)"]
[Site "SchemingMind.com"]
[Date "2008.11.04"]
[Round "-"]
[White "jtrochez1"]
[Black "Kobiahshi"]
[Result "0-1"]
[WhiteCountry "HON"]
[BlackCountry "USA"]
[WhiteElo "1546"]
[WhiteRD "48"]
[BlackElo "1600"]
[BlackRD "73"]
[GameID "177548"]

1. d4 b5 2. e4 e6 3. Bxb5 c6 4. Bd3 d6 5. Nf3 d5 6. e5 Ne7 7. Nc3 Nf5 8. Bxf5 exf5 9. O-O h6 10. Ne2 Be6
11. c3 Be7 12. b3 O-O 13. a4 c5 14. Be3 cxd4 15. Nexd4 Bd7 16. Qd2 Qc8 17. Rac1 Nc6 18. Nxc6 Qxc6 19. Nd4 Qg6 20. f4 Kh7
21. Rf3 Rh8 22. Rg3 Qa6 23. Qc2 Qc8 24. Nf3 g6 25. Bd4 Rf8 26. Qd2 a6 27. Ng5+ Kg8 28. Re1 hxg5 29. fxg5 Be6 30. Be3 Kg7
31. Bd4 Rh8 32. Rf1 Rh5 33. Be3 Qh8 34. h3 Kg8 35. Kf2 Qxe5 36. Bf4 Qg7 37. Be3 Bd6 38. Rf3 Qh7 39. b4 Be7 40. a5 f6
41. Rg3 fxg5 42. Bxg5 Bxg5 43. Rxg5 Qh6 44. Qe3 Kf7 45. Rxh5 Qxh5 46. Ke1 Qh4+ 47. Kd2 Kf6 48. Qd4+ Qxd4+ 49. cxd4 Rb8 50. Kc3 Rc8+
51. Kb3 Rh8 52. Rc1 Rc8 53. Rxc8 Bxc8 54. Kc3 g5 55. g3 Bd7 56. h4 Kg6 57. hxg5 Kxg5 58. b5 Bxb5 59. Kd2 Kg4 60. Ke3 Kxg3
61. Kd2 f4
0-1

[Event "Poles apart- rating  under 1900 (30 days +1)"]
[Site "SchemingMind.com"]
[Date "2008.11.08"]
[Round "-"]
[White "echecs"]
[Black "Kobiahshi"]
[Result "1-0"]
[WhiteCountry "ENG"]
[BlackCountry "USA"]
[WhiteElo "1815"]
[WhiteRD "59"]
[BlackElo "1579"]
[BlackRD "76"]
[GameID "177549"]

1. d4 b5 2. e3 a6 3. Qf3 d5 4. Nh3 Bb7 5. Ng5 Nf6 6. Bd3 e6 7. b3 c5 8. Bxh7 Qe7 9. Bd3 Nbd7 10. Bb2 cxd4
11. exd4 Qd6 12. h4 g6 13. c3 Bh6 14. Ba3 Qc7 15. g4 Bc6 16. Nxe6 fxe6 17. g5 Bg7 18. gxf6 Nxf6 19. Bxg6+ Kd7 20. Nd2 Qd8
21. Qg3 Bf8 22. Bxf8 Qxf8 23. h5 Rg8 24. Nf3 Kc8 25. Ne5 Ne4 26. Qe3 Bb7 27. Bf7 Rg7 28. Bxe6+ Kc7 29. Rf1 Qf6 30. Bg4 Re8
31. O-O-O Qd6 32. Kb2 Reg8 33. f3 Nf6 34. h6 Re7 35. Bf5 Bc8 36. Bd3 Bh3 37. Rg1 Rh8 38. Rg6 Re6 39. Qg5 Nh7 40. Rg7+ Kb6
41. Bxh7 Rxh6 42. Bg8 Be6 43. Bxe6 Rh2+ 44. Rd2 R2h5 45. Qg3 Rd8 46. Bxd5 Qxd5 47. Nc4+ bxc4 48. Qc7+
1-0

[Event "Poles apart- rating  under 1900 (30 days +1)"]
[Site "SchemingMind.com"]
[Date "2008.11.04"]
[Round "-"]
[White "vinz"]
[Black "Kobiahshi"]
[Result "0-1"]
[WhiteCountry "FRA"]
[BlackCountry "USA"]
[WhiteElo "1642"]
[WhiteRD "82"]
[BlackElo "1656"]
[BlackRD "86"]
[GameID "177550"]

1. d4 b5 2. e4 Bb7 3. Bxb5 Bxe4 4. Nf3 a6 5. Ba4 c6 6. Nc3 d5 7. O-O Bxf3 8. Qxf3 e6 9. Re1 Nf6 10. Bf4 Bd6
11. Qg3 Nh5 12. Qg4 Nxf4 13. Qxg7 Ke7 14. Qg5+ Kd7 15. Qg4 Rg8 16. Qf3 Rxg2+ 17. Kh1 Qh4 18. Qxg2 Nxg2 19. Kxg2 Qxh2+ 20. Kf1 Kc7
21. Ke2 Qh5+ 22. f3 Qh2+ 23. Kd3 Qh3 24. Re3 Bf4
0-1

[Event "Poles apart- rating  under 1900 (30 days +1)"]
[Site "SchemingMind.com"]
[Date "2008.11.04"]
[Round "-"]
[White "gingerbread"]
[Black "jtrochez1"]
[Result "1-0"]
[WhiteCountry "ENG"]
[BlackCountry "HON"]
[WhiteElo "1771"]
[WhiteRD "85"]
[BlackElo "1578"]
[BlackRD "51"]
[GameID "177560"]

1. d4 b5 2. Bf4 Nf6 3. c3 d5 4. f3 Nh5 5. Be3 Bb7 6. g4 Nf6 7. Bf4 e6 8. e3 a6 9. Bd3 Bd6 10. Be5 Bxe5
11. dxe5 Nfd7 12. Ne2 Nc5 13. Nf4 Qh4+ 14. Ke2 Nxd3 15. Nxd3 Nd7 16. Qe1 Qxe1+ 17. Rxe1 O-O-O 18. h4 h5 19. g5 g6 20. f4 c5
21. b4 c4 22. Nf2 Nb6 23. Rd1 Na4 24. Rd4 Rhf8 25. Nd1 Kd7 26. Nd2 Ke7 27. Rb1 Ra8 28. Nf3 Bc6 29. Rd2 Rfd8 30. Nd4 Bd7
31. a3 Rg8 32. Rc2 Rac8 33. Nf2 Rc7 34. Rd1 Rb7 35. e4 Nb6 36. Ra1 Na4= 37. exd5 exd5 38. Nd1 Rc7 39. Ne3 Kd8 40. Nxd5 Bg4+
41. Kf2 Rc8 42. Nf6 Rg7 43. Rd1 Bxd1 44. Rd2 Ke7 45. Rxd1 Nb6 46. Ne2 Rd8 47. Nd4 Kf8 48. Re1 Rxd4 49. cxd4 Ke7 50. d5 Nd7
51. d6+ Ke6 52. Ne8 Rg8 53. Nc7+ Kf5 54. Nxa6 Kxf4 55. Nc7 Nxe5 56. Nd5+ Kg4 57. Nf6+ Kxh4 58. Rh1+ Kxg5 59. Nxg8 Kf5 60. Rh4 c3
61. Rh3 Ke6 62. Ne7 Kxd6 63. Nc8+ Kd5 64. Rxc3 Nc4 65. Na7 f5 66. Nxb5 g5 67. Nc7+ Kd4 68. Rb3 g4 69. Ne6+ Ke4 70. Kg3 Nd2
71. Rb2 Nc4 72. Re2+ Kd3 73. Nf4+ Kc3 74. b5 Nb6 75. Re5 Kb3 76. Nd5 Nxd5 77. Rxd5
1-0

[Event "Poles apart- rating  under 1900 (30 days +1)"]
[Site "SchemingMind.com"]
[Date "2008.11.07"]
[Round "-"]
[White "gingerbread"]
[Black "echecs"]
[Result "0-1"]
[WhiteCountry "ENG"]
[BlackCountry "ENG"]
[WhiteElo "1773"]
[WhiteRD "80"]
[BlackElo "1834"]
[BlackRD "57"]
[GameID "177561"]

1. d4 b5 2. Bf4 Bb7 3. Nf3 a6 4. Nbd2 d6 5. e4 Nf6 6. Bd3 c5 7. c4 cxd4 8. e5 dxe5 9. Bxe5 bxc4 10. Qa4+ Bc6
11. Qxc4 Bb5 12. Qb3 Bxd3 13. Qxd3 Nbd7 14. Bg3 e6 15. Nc4 Bb4+ 16. Nfd2 O-O 17. Qxd4 Nd5 18. Bd6 Bxd6 19. Nxd6 N7f6 20. N2c4 Nb4
21. Qd1 Nfd5 22. a3 Nc6 23. O-O Nce7 24. g4 Nc8 25. Ne4 Qh4 26. f3 Nf4 27. Kh1 Ne7 28. Qd2 Ned5 29. Ne3 Nxe3 30. Qxe3 e5
31. Ng3 Rfe8 32. Nf5 Qh3 33. Rg1 Rad8 34. Rg3 Rd3 35. Qe4 Red8 36. Qe1 Rd2 37. Rxh3 Nxh3 38. Qf1 Ng5 39. h4 Ne6 40. Ne7+ Kh8
41. Nc6 R8d5 42. b4 Rc2
0-1

[Event "Poles apart- rating  under 1900 (30 days +1)"]
[Site "SchemingMind.com"]
[Date "2008.11.04"]
[Round "-"]
[White "gingerbread"]
[Black "vinz"]
[Result "1-0"]
[WhiteCountry "ENG"]
[BlackCountry "FRA"]
[WhiteElo "1859"]
[WhiteRD "86"]
[BlackElo "1642"]
[BlackRD "82"]
[GameID "177562"]

1. d4 b5 2. Bf4 Nf6 3. c3 Bb7 4. Nf3 e6 5. Nbd2 d6 6. e3 Nc6 7. Bxb5 Be7 8. d5 exd5 9. Nd4 Qd7 10. Qa4 a6
11. Bxc6 Bxc6 12. Qxc6 Qxc6 13. Nxc6
1-0

[Event "Poles apart- rating  under 1900 (30 days +1)"]
[Site "SchemingMind.com"]
[Date "2008.11.04"]
[Round "-"]
[White "gingerbread"]
[Black "Kobiahshi"]
[Result "0-1"]
[WhiteCountry "ENG"]
[BlackCountry "USA"]
[WhiteElo "1773"]
[WhiteRD "80"]
[BlackElo "1600"]
[BlackRD "73"]
[GameID "177563"]

1. d4 b5 2. Bf4 e6 3. c3 a6 4. Nd2 d5 5. Ngf3 c5 6. Nb1 cxd4 7. cxd4 Bb4+ 8. Nc3 Nc6 9. e3 Nf6 10. Bd3 Ne4
11. O-O Nxc3 12. bxc3 Bxc3 13. Rc1 Qa5 14. Qc2 b4 15. a3 Qxa3 16. Ra1 Qb2 17. Qa4 Bd7 18. Rfb1 Nxd4 19. Qxd7+ Kxd7 20. Ne5+ Ke7
21. Rxb2 Bxb2 22. Rb1 f6 23. Rxb2 fxe5 24. Bg5+ Kf7 25. exd4 e4 26. Bc2 a5 27. Ba4 Rac8 28. g3 Rc4 29. Rd2 Rb8 30. Be3 b3
31. Bf4 Rc1+ 32. Kg2 Rb4 33. Rb2 Rc2 34. Rxc2 Rxa4 35. Rc7+ Ke8 36. Rc8+ Kf7 37. Rc7+ Kf8 38. Rb7 Rxd4 39. Rxb3 a4 40. Rb8+ Kf7
41. Rb7+ Kg8 42. Bd6 Rd3
0-1

[Event "Poles apart- rating  under 1900 (30 days +1)"]
[Site "SchemingMind.com"]
[Date "2008.11.04"]
[Round "-"]
[White "jtrochez1"]
[Black "gingerbread"]
[Result "0-1"]
[WhiteCountry "HON"]
[BlackCountry "ENG"]
[WhiteElo "1546"]
[WhiteRD "48"]
[BlackElo "1773"]
[BlackRD "80"]
[GameID "177564"]

1. d4 b5 2. e4 Bb7 3. Bd3 e6 4. Bxb5 Bxe4 5. Nf3 c6 6. Be2 h6 7. Nbd2 Nf6 8. Nxe4 Nxe4 9. c3 Bd6 10. Bd3 f5
11. Ne5 O-O 12. h4 Qf6 13. Be3 Bxe5 14. dxe5 Qxe5 15. O-O c5 16. f4 Qf6 17. Qc2 Ng3 18. Bf2 Qxh4 19. Bxg3 Qxg3 20. Rf3 Qh4
21. Qd2 d5 22. Bb5 c4 23. Rh3 Qd8 24. Ba4 Na6 25. Bc6 Qb6+ 26. Kf1 Qxc6 27. Qe2 Nc5 28. b4 Ne4 29. Qc2 Kh7 30. a4 a6
31. a5 Rg8 32. g3 g5 33. Qh2 e5 34. Ra3 gxf4 35. gxf4 Rg6 36. fxe5 Rag8 37. e6 Ng3+ 38. Rxg3 Rxg3 39. e7 Qe6 40. Ra1 Qe3
0-1

[Event "Poles apart- rating  under 1900 (30 days +1)"]
[Site "SchemingMind.com"]
[Date "2008.11.09"]
[Round "-"]
[White "echecs"]
[Black "gingerbread"]
[Result "0-1"]
[WhiteCountry "ENG"]
[BlackCountry "ENG"]
[WhiteElo "1815"]
[WhiteRD "59"]
[BlackElo "1837"]
[BlackRD "81"]
[GameID "177565"]

1. d4 b5 2. e3 a6 3. Nf3 Bb7 4. Be2 e6 5. O-O c5 6. b3 d5 7. c4 b4 8. Nbd2 Nf6 9. dxc5 Bxc5 10. Bb2 Nc6
11. Ne5 Nxe5 12. Bxe5 Bd6 13. Nf3 Bxe5 14. Nxe5 Qd6 15. Nf3 Ne4 16. Bd3 Rd8 17. Bxe4 dxe4 18. Nd4 e5 19. Nc2 Qg6 20. Qe2 Bc8
21. Nxb4 Bg4 22. Qe1 Bf3
0-1

[Event "Poles apart- rating  under 1900 (30 days +1)"]
[Site "SchemingMind.com"]
[Date "2008.11.04"]
[Round "-"]
[White "vinz"]
[Black "gingerbread"]
[Result "1-0"]
[WhiteCountry "FRA"]
[BlackCountry "ENG"]
[WhiteElo "1673"]
[WhiteRD "79"]
[BlackElo "1773"]
[BlackRD "80"]
[GameID "177566"]

1. d4 b5 2. e4 Bb7 3. Bd3 Nf6 4. Qe2 e6 5. Nf3 a6 6. O-O h6 7. e5 Nd5 8. Bd2 c5 9. c3 c4 10. Bc2 Nb6
11. Na3 Be7 12. Rad1 Bd5 13. Bb1 Nc6 14. Nc2 Qc7 15. Ne3 g5 16. Ng4 O-O-O 17. h3 h5 18. Ngh2 g4 19. hxg4 hxg4 20. Nxg4 Rdg8
21. Ngh2 Rg7 22. Bf4 Qd8 23. Bg3 Qg8 24. Be4 f5 25. exf6 Bxf6 26. b3 Ne7 27. Kh1 Rg4 28. Bxd5 Nbxd5 29. bxc4 Nxc3 30. Qc2 Nxd1
31. cxb5+ Kd8 32. bxa6 Nc8 33. Rxd1 d5 34. Qc7+ Ke8 35. Qxc8+ Kf7 36. Qd7+ Kg6 37. a7 Kf5 38. Bb8 Rxg2 39. Rg1 Rhxh2+ 40. Bxh2 Rxg1+
41. Bxg1 Qh8+ 42. Kg2 Bxd4 43. Nxd4+ Qxd4 44. Qf7+ Kg4 45. f3+ Kh4 46. Bxd4
1-0

[Event "Poles apart- rating  under 1900 (30 days +1)"]
[Site "SchemingMind.com"]
[Date "2008.11.04"]
[Round "-"]
[White "Kobiahshi"]
[Black "gingerbread"]
[Result "0-1"]
[WhiteCountry "USA"]
[BlackCountry "ENG"]
[WhiteElo "1579"]
[WhiteRD "76"]
[BlackElo "1837"]
[BlackRD "81"]
[GameID "177567"]

1. d4 b5 2. e3 Bb7 3. Nf3 a6 4. c3 Nf6 5. Nbd2 e6 6. Bd3 d5 7. O-O Bd6 8. Ne5 c5 9. Ndf3 c4 10. Be2 Ne4
11. a3 f6 12. Ng4 h5 13. Nxf6+ Qxf6 14. Qe1 g5 15. Kh1 g4 16. Ng1 h4 17. f3 Ng3+ 18. hxg3 hxg3+ 19. Nh3 gxh3 20. Kg1 hxg2
21. Kxg2 Rh2+ 22. Kg1 Qh4 23. f4 Qh3 24. Bf3 g2 25. Qe2 Rh1+ 26. Kf2 Rxf1+
0-1

[Event "Poles apart- rating  under 1900 (30 days +1)"]
[Site "SchemingMind.com"]
[Date "2008.11.07"]
[Round "-"]
[White "marble"]
[Black "jtrochez1"]
[Result "1-0"]
[WhiteCountry "ENG"]
[BlackCountry "HON"]
[WhiteElo "1840"]
[WhiteRD "56"]
[BlackElo "1532"]
[BlackRD "50"]
[GameID "177623"]

1. d4 b5 2. e4 c6 3. Nf3 d6 4. Bd3 Bg4 5. h3 Bh5 6. O-O e6 7. Be3 a6 8. a4 Nf6 9. axb5 cxb5 10. Bxb5+ Nfd7
11. Qd3 Bxf3 12. gxf3 axb5 13. Rxa8 Be7 14. Qxb5 O-O 15. Nc3 Qc7 16. d5 e5 17. Rfa1 Qc8 18. R1a7 Qe8 19. Rb7 f6 20. Ba7 Qg6+
21. Kh2 f5 22. Bxb8 Nc5 23. Rxe7 Qg5 24. Raa7 Qf4+ 25. Kh1 Qc1+ 26. Kg2 Qg5+ 27. Kf1 Qc1+ 28. Nd1 Qxd1+ 29. Kg2 Qxf3+ 30. Kxf3 fxe4+
31. Kg2
1-0

[Event "Poles apart- rating  under 1900 (30 days +1)"]
[Site "SchemingMind.com"]
[Date "2008.11.07"]
[Round "-"]
[White "marble"]
[Black "echecs"]
[Result "1-0"]
[WhiteCountry "ENG"]
[BlackCountry "ENG"]
[WhiteElo "1874"]
[WhiteRD "57"]
[BlackElo "1815"]
[BlackRD "59"]
[GameID "177624"]

1. d4 b5 2. e4 Bb7 3. Bxb5 Bxe4 4. Nf3 a6 5. Ba4 e6 6. Nc3 Bb4 7. Bd2 Bb7 8. O-O Nf6 9. a3 Be7 10. Re1 O-O
11. h3 c5 12. dxc5 Bxc5 13. b4 Bb6 14. Bg5 d5 15. Qd2 Nbd7 16. Bxd7 Qxd7 17. Bxf6 gxf6 18. Qf4 Qe7 19. Ne2 Bc7 20. Qd4 Kh8
21. Ng3 Rg8 22. Qh4 Rg6 23. Rad1 Rag8 24. Ne5 Bxe5 25. Rxe5 Qc7 26. Rh5 R8g7 27. c4 dxc4 28. Rc5 Qb6 29. Qxc4 h6 30. Rd7 Bd5
31. Rc8+ Kh7 32. Qc5 Qb5 33. Rdd8 Rg5 34. Rh8+ Kg6 35. Qf8 f5 36. Rg8 Kf6 37. Nh5+ Ke5 38. f4+ Ke4 39. fxg5 Rxg8 40. Qxg8 Qb6+
41. Rc5 hxg5 42. Qxg5 Bb7 43. Qf4+ Kd3 44. Qc4+ Kd2 45. Qd4+
1-0

[Event "Poles apart- rating  under 1900 (30 days +1)"]
[Site "SchemingMind.com"]
[Date "2008.11.06"]
[Round "-"]
[White "marble"]
[Black "vinz"]
[Result "1-0"]
[WhiteCountry "ENG"]
[BlackCountry "FRA"]
[WhiteElo "1840"]
[WhiteRD "56"]
[BlackElo "1642"]
[BlackRD "82"]
[GameID "177626"]

1. d4 b5 2. e4 Bb7 3. f3 e6 4. Bxb5 c5 5. Ne2 Nf6 6. Be3 cxd4 7. Nxd4 Bb4+ 8. c3 Ba5 9. Nd2 O-O 10. O-O Bb6
11. Nc4 Bc5 12. b4 a6 13. bxc5 axb5 14. Nxb5 Ba6 15. a4 Nc6 16. Bf4 e5 17. Bxe5 Nxe5 18. Nxe5 Re8 19. Qd4 Re7 20. c4 Ne8
21. Rfd1 Nf6 22. Nc6 dxc6 23. Qxd8+ Rxd8 24. Rxd8+ Ne8 25. Nc7
1-0

[Event "Poles apart- rating  under 1900 (30 days +1)"]
[Site "SchemingMind.com"]
[Date "2008.11.09"]
[Round "-"]
[White "marble"]
[Black "gingerbread"]
[Result "1-0"]
[WhiteCountry "ENG"]
[BlackCountry "ENG"]
[WhiteElo "1874"]
[WhiteRD "57"]
[BlackElo "1837"]
[BlackRD "81"]
[GameID "177627"]

1. d4 b5 2. e4 Bb7 3. Bxb5 Bxe4 4. f3 c6 5. fxe4 cxb5 6. Nf3 Nf6 7. e5 Nd5 8. O-O h6 9. a4 a5 10. axb5 e6
11. Bd2 Qb6 12. c4 Nb4 13. Na3 d6 14. exd6 Qxd6 15. Bxb4 axb4 16. c5 Qd5 17. Nc2 b3 18. Nb4 Rxa1 19. Qxa1 Qb7 20. Qa4 Be7
21. b6+ Kf8 22. Qxb3 f6 23. Ne5 Rh7 24. Qxe6 g5 25. Ng6+
1-0